Top 30 : Orelsan - Statistiques

Statistiques générales
  • Ce quiz a été pris 178 fois
  • Le résultat moyen est 15 sur 30
Statistiques - réponses
Top Titres Featuring % Correct
5 La pluie Stromae
91%
6 Basique
79%
2 Rêves bizarres Damso
79%
1 La Quête
78%
7 Notes pour trop tard Ibeyi
76%
4 La terre est ronde
71%
16 CP_009_Évidemment Angèle
62%
8 Millions No Limit, Ninho
61%
10 Défaite de famille
58%
13 San
58%
20 Christophe GIMS
57%
3 Jour meilleur
57%
14 Tout va bien - Remix Eugy, Kojo Funds
55%
12 L'odeur de l'essence
54%
29 Ensemble Skread
51%
26 Peon Vald
49%
9 Du propre
47%
11 Paradis
47%
24 Zone Nekfeu, Dizzee Rascal
47%
17 Athéna
44%
15 La vérité Lomepal
42%
18 La fête est finie
39%
19 Shonen
36%
25 Casseurs Flowters Infinity Gringe
35%
27 Suicide social
35%
28 Si Seul
28%
30 Dans ma ville, on traîne
24%
21 Pour Le Pire
24%
23 Seul avec du monde autour
23%
22 Quand est-ce que ça s'arrête
11%
Aucun quiz correspondant
Distribution des résultats
% des personnes avec chaque résultat
Percentile par nombre de réponses
Votre historique - résultats
Vous n’avez pas pris ce quiz